[Event "22. Copenhagen Open  (Politiken Cup)"]
[Site "Copenhagen"]
[Date "2000.07.22"]
[Round "6"]
[White "Schyberg, Brian"]
[Black "Rossen, Claus"]
[Result "1-0"]
[WhiteElo "1924"]
[BlackElo "2167"]
[PlyCount "93"]
[EventDate "2000.07.17"]
[EventType "swiss"]
[EventRounds "11"]
[EventCountry "DEN"]
[SourceDate "2004.01.01"]

1. d4 Nf6 2. Nc3 g6 3. e4 d6 4. Bg5 Bg7 5. Qd2 c6 6. f4 b5 7. Bd3 Qb6 8. e5
dxe5 9. fxe5 Nd5 10. Nge2 Na6 11. Bh6 O-O 12. O-O Nab4 13. Be4 Be6 14. Bxg7
Kxg7 15. a3 Nxc3 16. bxc3 Nd5 17. Bxd5 Bxd5 18. Rf4 h6 19. Rh4 Rh8 20. Nf4 Rad8
21. e6 f5 22. Qe3 Qb8 23. Rf1 Be4 24. Nxg6 Kxg6 25. Rxe4 Rd5 26. Ref4 Rf8 27.
Qg3+ Kh7 28. Qh3 Rf6 29. Rxf5 Rdxf5 30. Rxf5 Qf8 31. Rxf6 Qxf6 32. Qd3+ Kg7 33.
Qe4 c5 34. h3 Qg5 35. Kh2 h5 36. d5 h4 37. Qg4 Qxg4 38. hxg4 Kf6 39. g5+ Ke5
40. Kh3 Kxd5 41. Kxh4 Kxe6 42. Kh5 Kf7 43. Kh6 Kg8 44. Kg6 a5 45. c4 bxc4 46.
c3 a4 47. g3 1-0

[Event "22. Copenhagen Open  (Politiken Cup)"]
[Site "Copenhagen"]
[Date "2000.07.22"]
[Round "6"]
[White "Schonberg, Niels Peder"]
[Black "Nielsen, Michael B"]
[Result "0-1"]
[WhiteElo "1198"]
[BlackElo "1421"]
[PlyCount "54"]
[EventDate "2000.07.17"]
[EventType "swiss"]
[EventRounds "11"]
[EventCountry "DEN"]
[SourceDate "2004.01.01"]

1. d4 d5 2. Bf4 Nf6 3. e3 e6 4. a3 Nbd7 5. Nf3 Bd6 6. Bxd6 cxd6 7. c3 O-O 8.
Bd3 e5 9. Be2 Re8 10. Nbd2 e4 11. Nh4 Nf8 12. g3 Bh3 13. Bf1 Bg4 14. Qc2 Qd7
15. h3 Be6 16. g4 h6 17. f4 exf3 18. Nhxf3 {[#]} Bxg4 19. hxg4 Rxe3+ 20. Be2
Rae8 21. Ng1 Qxg4 22. Nf1 Qg2 23. Nxe3 Rxe3 24. Kd2 Rxe2+ 25. Nxe2 Ne4+ 26. Ke3
Qf2+ 27. Kd3 Qf3# 0-1

[Event "22. Copenhagen Open  (Politiken Cup)"]
[Site "Copenhagen"]
[Date "2000.07.22"]
[Round "6"]
[White "Skytte, Rasmus"]
[Black "Hansen, Herluf"]
[Result "1-0"]
[WhiteElo "2323"]
[BlackElo "2047"]
[PlyCount "41"]
[EventDate "2000.07.17"]
[EventType "swiss"]
[EventRounds "11"]
[EventCountry "DEN"]
[SourceDate "2004.01.01"]

1. e4 c5 2. c3 Nf6 3. e5 Nd5 4. d4 cxd4 5. Nf3 e6 6. cxd4 b6 7. Bd3 Be7 8. O-O
Nc6 9. Nc3 Nxc3 10. bxc3 Bb7 11. Nd2 Na5 12. Qg4 Kf8 13. f4 h5 14. Qh3 g6 15.
Nb3 d5 {[#]} 16. Bxg6 fxg6 17. Qxe6 Ba6 18. f5 g5 19. f6 Bxf1 20. fxe7+ Qxe7
21. Ba3 1-0

[Event "22. Copenhagen Open  (Politiken Cup)"]
[Site "Copenhagen"]
[Date "2000.07.22"]
[Round "6"]
[White "Jensen, Kasper Smith"]
[Black "Jorgensen, Orla Eilegaard"]
[Result "1-0"]
[WhiteElo "2157"]
[BlackElo "1297"]
[PlyCount "47"]
[EventDate "2000.07.17"]
[EventType "swiss"]
[EventRounds "11"]
[EventCountry "DEN"]
[SourceDate "2004.01.01"]

1. d4 Nf6 2. Nf3 g6 3. c4 c5 4. d5 b5 5. cxb5 a6 6. bxa6 Bxa6 7. e3 Bxf1 8.
Kxf1 Bg7 9. Nc3 O-O 10. g3 d6 11. Kg2 Nbd7 12. Re1 Re8 13. e4 Ng4 14. Qe2 Qb6
15. Nh4 Nh6 16. f4 e6 17. g4 f6 18. dxe6 Rxe6 19. Qc4 Rae8 20. f5 Ne5 21. Qd5
gxf5 22. gxf5 Nd3 23. Qxd3 R6e7 24. Nd5 1-0

[Event "22. Copenhagen Open  (Politiken Cup)"]
[Site "Copenhagen"]
[Date "2000.07.22"]
[Round "6"]
[White "Thomsen, Heinrich Kirch"]
[Black "Tornerup, John"]
[Result "1-0"]
[WhiteElo "1432"]
[BlackElo "2020"]
[PlyCount "97"]
[EventDate "2000.07.17"]
[EventType "swiss"]
[EventRounds "11"]
[EventCountry "DEN"]
[SourceDate "2004.01.01"]

1. e4 e5 2. Nf3 Nc6 3. Bb5 a6 4. Ba4 Nf6 5. O-O Be7 6. Re1 b5 7. Bb3 O-O 8. c3
d6 9. h3 Na5 10. Bc2 c5 11. d4 Qc7 12. Nbd2 cxd4 13. cxd4 Bb7 14. a4 Rfc8 15.
Bd3 b4 16. Nf1 Nc6 17. d5 Nb8 18. a5 Nbd7 19. Ng3 Nc5 20. Bb1 Bd8 21. Nh2 Rcb8
22. Bg5 Ne8 23. Bd2 b3 24. Nf5 Bc8 25. Qf3 Kh8 26. Ng4 f6 27. Rc1 Rb5 28. Bd3
Rb7 29. Be3 Bxf5 30. Qxf5 Qe7 31. Bxc5 dxc5 32. Rc3 Nd6 33. Qf3 f5 34. Ne3 fxe4
35. Bxe4 Nxe4 36. Qxe4 Rb4 37. Qf3 e4 38. Qe2 Qe5 39. Rxc5 Bc7 40. g3 Bd6 41.
Rc6 Rf8 42. Nc4 Rxc4 43. Rxc4 h6 44. Rac1 Qxd5 45. Rc6 Rf3 46. Rc8+ Kh7 47. Rd8
Qe5 48. Rxd6 Qxd6 49. Qxe4+ 1-0

[Event "22. Copenhagen Open  (Politiken Cup)"]
[Site "Copenhagen"]
[Date "2000.07.22"]
[Round "6"]
[White "Aabling Thomsen, Jakob"]
[Black "Nielsen, Jan Mose"]
[Result "0-1"]
[WhiteElo "1589"]
[BlackElo "2030"]
[PlyCount "122"]
[EventDate "2000.07.17"]
[EventType "swiss"]
[EventRounds "11"]
[EventCountry "DEN"]
[SourceDate "2004.01.01"]

1. d4 Nf6 2. c4 c5 3. d5 b5 4. cxb5 a6 5. b6 a5 6. Nc3 Qxb6 7. Nf3 g6 8. g3 Bg7
9. Bg2 d6 10. O-O O-O 11. e4 Nbd7 12. Qc2 Rb8 13. Rb1 Ba6 14. Re1 Ng4 15. Na4
Qa7 16. Bf4 Rb7 17. b3 Rc8 18. h3 Nge5 19. Bxe5 Nxe5 20. Nxe5 Bxe5 21. Nb2 c4
22. Nxc4 Bxg3 23. Bf1 Rbc7 24. Kg2 Bh4 25. Qd2 Bb5 26. Rec1 Bd7 27. Ne3 $11 Bg5
28. Rxc7 Qxc7 29. Bc4 Qc5 30. Qd3 Bxe3 31. fxe3 Rb8 32. Rf1 f6 33. Rf2 a4 34.
Qd4 Qc8 35. Rf3 axb3 36. axb3 Ra8 37. Qb2 Qc5 38. Qd2 Ra3 39. Qd4 Qa5 40. Rf2
Qa8 41. Kg3 Qc8 42. Rh2 h5 43. Qb2 Ra7 44. Qc2 Kg7 45. Qe2 $11 Qc5 46. Rg2 Qc8
47. Rh2 Kh6 48. Qf1 Qc5 49. Qd3 Qa3 50. Rg2 Qa1 51. Qf1 Qc3 52. Qf2 g5 53. Qd2
Qe5+ 54. Kf3 Bxh3 55. Rg3 Bg4+ 56. Rxg4 hxg4+ 57. Kxg4 Qxe4+ 58. Kg3 Qh4+ 59.
Kf3 Ra1 60. Bb5 Qh3+ 61. Ke4 Qg4+ 0-1

[Event "22. Copenhagen Open  (Politiken Cup)"]
[Site "Copenhagen"]
[Date "2000.07.22"]
[Round "6"]
[White "Tjornsted, Peter"]
[Black "Erlandsen, Carsten"]
[Result "1-0"]
[WhiteElo "1868"]
[BlackElo "2165"]
[PlyCount "119"]
[EventDate "2000.07.17"]
[EventType "swiss"]
[EventRounds "11"]
[EventCountry "DEN"]
[SourceDate "2004.01.01"]

1. d4 Nf6 2. Nf3 g6 3. Nc3 d5 4. Bf4 a6 5. e3 Bg7 6. Be2 Nbd7 7. Ne5 e6 8. Nb1
c5 9. c3 O-O 10. Nd2 Re8 11. Qc2 Nxe5 12. Bxe5 b6 13. O-O Bb7 14. Bf3 $11 Rc8
15. Rfc1 Bf8 16. Qb3 Nd7 17. Bg3 h5 18. h3 Bg7 19. Qd1 e5 20. Nc4 e4 21. Nd6
exf3 22. Nxb7 Qg5 23. Qxf3 Re6 24. Bf4 Qe7 25. dxc5 Nxc5 26. Nxc5 Rxc5 27. Rd1
Re4 28. Qg3 Rb5 29. Rd2 a5 30. Qf3 a4 31. Qe2 Ra5 32. a3 Kh7 33. Rad1 Rc5 34.
Kf1 Qe6 35. Rd3 f6 36. Qd2 g5 37. Bg3 h4 38. Bh2 g4 39. hxg4 Rxg4 40. Rxd5 Rc8
41. Qd3+ Kg8 42. Rd8+ Rxd8 43. Qxd8+ Kh7 44. Qd5 Qc8 45. Qd7 Qc4+ 46. Qd3+
Qxd3+ 47. Rxd3 Rg5 48. Rd4 b5 49. Rxh4+ Kg8 50. Bd6 Rd5 51. Rd4 Rh5 52. Ke2 Kf7
53. g4 Rg5 54. Bb4 f5 55. Rd5 Ke6 56. Rxf5 Rxg4 57. Rxb5 Rg1 58. Bc5 Rg5 59.
Rb6+ Kd5 60. Bd4 1-0

[Event "22. Copenhagen Open  (Politiken Cup)"]
[Site "Copenhagen"]
[Date "2000.07.22"]
[Round "6"]
[White "Tolstrup, Thomas"]
[Black "Mashiri, Arthur"]
[Result "1/2-1/2"]
[WhiteElo "1856"]
[BlackElo "2045"]
[PlyCount "42"]
[EventDate "2000.07.17"]
[EventType "swiss"]
[EventRounds "11"]
[EventCountry "DEN"]
[SourceDate "2004.01.01"]

1. Nf3 Nf6 2. c4 b6 3. g3 Bb7 4. d4 e6 5. Bg2 d6 6. Nc3 Nbd7 7. O-O Be7 8. Re1
O-O 9. e4 Ne8 10. Bf4 Kh8 11. Qd2 g6 12. Rad1 Ng7 13. e5 a6 14. d5 dxe5 15.
Nxe5 Nxe5 16. Bxe5 f6 17. Bxc7 Qxc7 18. d6 Bxd6 19. Qxd6 Rac8 20. Bxb7 Qxb7 21.
Na4 Rfe8 1/2-1/2

[Event "22. Copenhagen Open  (Politiken Cup)"]
[Site "Copenhagen"]
[Date "2000.07.23"]
[Round "7"]
[White "Andersen, Finn"]
[Black "Nicolaisen, Erik"]
[Result "1-0"]
[WhiteElo "1531"]
[BlackElo "2035"]
[PlyCount "47"]
[EventDate "2000.07.17"]
[EventType "swiss"]
[EventRounds "11"]
[EventCountry "DEN"]
[SourceDate "2004.01.01"]

1. e4 c5 2. d4 cxd4 3. c3 dxc3 4. Nxc3 Nc6 5. Nf3 d6 6. Bc4 a6 7. O-O Nf6 8.
Qe2 e6 9. Rd1 Qc7 10. Bf4 Be7 11. e5 dxe5 12. Nxe5 Nxe5 13. Bxe5 Qc6 14. Nb5
O-O 15. Nc7 Ra7 16. Bd3 b6 17. Rac1 Qa4 18. Rc4 Qxa2 19. Rf4 Bd8 {[#]} 20. Rxf6
gxf6 21. Qg4+ Kh8 22. Bxf6+ Bxf6 23. Qh5 Kg7 24. Qxh7# 1-0

[Event "22. Copenhagen Open  (Politiken Cup)"]
[Site "Copenhagen"]
[Date "2000.07.23"]
[Round "7"]
[White "Andersen, Matias Lolk"]
[Black "Jensen, Dan Bronnum"]
[Result "1-0"]
[WhiteElo "1096"]
[BlackElo "1438"]
[PlyCount "89"]
[EventDate "2000.07.17"]
[EventType "swiss"]
[EventRounds "11"]
[EventCountry "DEN"]
[SourceDate "2004.01.01"]

1. e4 e5 2. Nf3 Nc6 3. Bc4 Nf6 4. d3 h6 5. O-O Be7 6. Nc3 d6 7. Be3 Bg4 8. h3
Bh5 9. Re1 a6 10. Nb1 Qd7 11. Nbd2 g5 12. g4 Bg6 13. Nh2 O-O-O 14. f3 d5 15.
exd5 Nxd5 16. Kg2 f5 17. Bxd5 Qxd5 18. Rg1 h5 19. Kh1 hxg4 20. hxg4 fxg4 21.
Rxg4 Rh3 22. Kg2 Rdh8 23. Nhf1 Bf5 24. Rg3 g4 25. Bg1 Rxg3+ 26. Kxg3 Bh4+ 27.
Kg2 Rg8 28. Kh2 g3+ 29. Kg2 Qe6 30. Be3 Bh3+ 31. Kg1 Ne7 32. a4 Nf5 33. Qe2
Bxf1 34. Nxf1 g2 35. Nh2 Nxe3 36. Qxe3 Bg3 37. Ng4 Bf4 38. Qe2 Qb6+ 39. Kxg2
Qxb2 40. Re1 Qd4 41. Qe4 Qxe4 42. Rxe4 Kd7 43. Kf2 Kd6 44. d4 Kd5 45. Nf6+ 1-0

[Event "22. Copenhagen Open  (Politiken Cup)"]
[Site "Copenhagen"]
[Date "2000.07.23"]
[Round "7"]
[White "Andersen, Tom Juul"]
[Black "Adamski, Jan"]
[Result "1/2-1/2"]
[WhiteElo "2106"]
[BlackElo "2381"]
[PlyCount "90"]
[EventDate "2000.07.17"]
[EventType "swiss"]
[EventRounds "11"]
[EventCountry "DEN"]
[SourceDate "2004.01.01"]

1. d4 c5 2. Nf3 cxd4 3. Nxd4 g6 4. g3 Bg7 5. Bg2 Nc6 6. Nb3 d6 7. O-O Nf6 8.
Nc3 O-O 9. e4 a5 10. a4 Nb4 11. Nd5 Nfxd5 12. exd5 Bf5 13. c3 Bc2 14. Qd2 Bxb3
15. cxb4 b5 16. axb5 a4 17. Re1 Qb6 18. Qd3 Rab8 19. Bf1 Qb7 20. Ra3 Rfc8 21.
Rxb3 axb3 22. Qxb3 Bd4 23. Bg5 Rc7 24. Re4 e5 25. Bf6 Rc1 26. Kg2 Rxf1 27. Kxf1
Qxb5+ 28. Kg2 Qxb4 29. Qf3 Qb3 30. Rxd4 Qxf3+ 31. Kxf3 exd4 32. Bxd4 f5 33. Ke3
Rb5 34. Kd3 Rxd5 35. Kc4 Ra5 36. b4 d5+ 37. Kb3 Ra8 38. b5 Kf7 39. Kb4 Ke6 40.
b6 Kd7 41. Kb5 Ra3 42. Kb4 Ra2 43. Kc5 Ra5+ 44. Kb4 Ra2 45. Kb5 Ra3 1/2-1/2

[Event "22. Copenhagen Open  (Politiken Cup)"]
[Site "Copenhagen"]
[Date "2000.07.23"]
[Round "7"]
[White "Auchenberg, Einar"]
[Black "Radovic, Slobodan"]
[Result "1-0"]
[WhiteElo "1692"]
[BlackElo "1389"]
[PlyCount "101"]
[EventDate "2000.07.17"]
[EventType "swiss"]
[EventRounds "11"]
[EventCountry "DEN"]
[SourceDate "2004.01.01"]

1. e4 c5 2. Nf3 d6 3. Bb5+ Bd7 4. Qe2 Qb6 5. a4 a6 6. Bc4 e6 7. Ra3 Nc6 8. c3
Nf6 9. d3 Be7 10. g4 d5 11. Ba2 c4 12. g5 Nh5 13. b4 Nxb4 14. dxc4 Nxa2 15.
Qxa2 Bxa3 16. Bxa3 dxe4 17. c5 Qc7 18. Nd4 Bxa4 19. Qc4 Bc6 20. Nd2 Nf4 21.
Nxc6 Nd3+ 22. Kf1 Qxc6 23. Nxe4 Rd8 24. Rg1 Ne5 25. Qe2 Qa4 26. Nd6+ Rxd6 27.
cxd6 Qc4 28. Rg3 Qxe2+ 29. Kxe2 Nc4 30. Bc5 Kd7 31. Rg4 b5 32. Rf4 Rf8 33. h4
Nxd6 34. Rd4 Kc6 35. Bxd6 Rd8 36. Be5 Rxd4 37. cxd4 g6 38. Kd3 Kd5 39. Bc7 b4
40. Ba5 b3 41. Bc3 a5 42. Bxa5 b2 43. Kc2 b1=Q+ 44. Kxb1 Kxd4 45. Kc2 Ke4 46.
Bc7 e5 47. Kd2 Kf5 48. f3 Kf4 49. Ke2 Kg3 50. Bxe5+ Kxh4 51. Bf4 1-0

[Event "22. Copenhagen Open  (Politiken Cup)"]
[Site "Copenhagen"]
[Date "2000.07.23"]
[Round "7"]
[White "Bekker Jensen, David"]
[Black "Baburin, Alexander"]
[Result "0-1"]
[WhiteElo "2320"]
[BlackElo "2590"]
[PlyCount "83"]
[EventDate "2000.07.17"]
[EventType "swiss"]
[EventRounds "11"]
[EventCountry "DEN"]
[SourceDate "2004.01.01"]

1. d4 d5 2. c4 dxc4 3. Nf3 a6 4. e3 Bg4 5. Bxc4 e6 6. h3 Bh5 7. Nc3 Nf6 8. g4
Bg6 9. Ne5 Nbd7 10. Nxg6 hxg6 11. g5 Nd5 12. Nxd5 exd5 13. Bxd5 c6 14. Bc4 Nb6
15. Bb3 Qxg5 16. Qf3 Qf5 17. Qxf5 gxf5 18. Bd2 Nd5 19. O-O-O g6 20. f3 Bh6 21.
e4 Bxd2+ 22. Kxd2 Ne7 23. h4 Kf8 24. Rdg1 Rh5 25. Rg5 Rh6 26. Bc2 f6 27. Rg3
fxe4 28. fxe4 Kg7 29. Rf3 Rf8 30. Rf4 g5 31. Rg1 Ng6 32. Rf2 Rxh4 33. e5 Rxd4+
34. Kc3 c5 35. Bxg6 Kxg6 36. Re1 f5 37. e6 Kf6 38. e7 Re8 39. Rfe2 Re4 40. Rxe4
fxe4 41. Rxe4 Rxe7 42. Rc4 0-1

[Event "22. Copenhagen Open  (Politiken Cup)"]
[Site "Copenhagen"]
[Date "2000.07.23"]
[Round "7"]
[White "Berg, Olaf"]
[Black "Andersen, Rune"]
[Result "1-0"]
[WhiteElo "1795"]
[BlackElo "2077"]
[PlyCount "117"]
[EventDate "2000.07.17"]
[EventType "swiss"]
[EventRounds "11"]
[EventCountry "DEN"]
[SourceDate "2004.01.01"]

1. e4 c5 2. f4 d5 3. Nc3 d4 4. Nce2 g6 5. g3 b6 6. Bg2 Bb7 7. Nh3 e6 8. O-O Ne7
9. Nf2 Bg7 10. d3 h5 11. h3 Nbc6 12. Kh2 Qc7 13. e5 Nf5 14. Ne4 Nb4 15. c4 dxc3
16. bxc3 Nd5 17. Rf2 O-O-O 18. Qb3 Kb8 19. d4 c4 20. Qb1 Bf8 21. a4 a5 22. Qa2
Nde3 23. Bh1 Be7 24. Rb1 Ng4+ 25. Kg1 Nxf2 26. Kxf2 Ka7 27. Bg2 Bd5 28. Rb5 Qc6
29. Qb1 f6 30. exf6 Bd6 31. g4 hxg4 32. hxg4 Rh2 33. Rxd5 Qxd5 34. Kg1 Rdh8 35.
gxf5 gxf5 36. N2g3 Qb7 37. Be3 fxe4 38. Bxe4 Qc7 39. Qb5 R8h3 40. Qe8 Qb8 41.
Qd7+ Qc7 42. Qe8 Rh8 43. Qb5 R2h6 44. d5 Bc5 45. Bxc5 Qxc5+ 46. Qxc5 bxc5 47.
dxe6 Rxf6 48. f5 Kb6 49. Nf1 Kc7 50. Ne3 Kd6 51. Nxc4+ Kc7 52. Kg2 Rh4 53. Kf3
Rh3+ 54. Kf4 Rxc3 55. Nb6 Kd8 56. Nd5 Rh6 57. Nxc3 Ke7 58. Ke5 Rh5 59. Bc6 1-0

[Event "22. Copenhagen Open  (Politiken Cup)"]
[Site "Copenhagen"]
[Date "2000.07.23"]
[Round "7"]
[White "Bogdanov, Max"]
[Black "Brondum, Jan Kraul"]
[Result "1/2-1/2"]
[WhiteElo "1067"]
[BlackElo "1452"]
[PlyCount "40"]
[EventDate "2000.07.17"]
[EventType "swiss"]
[EventRounds "11"]
[EventCountry "DEN"]
[SourceDate "2004.01.01"]

1. d4 Nf6 2. c4 d5 3. Bf4 Bf5 4. Nc3 c6 5. Nf3 Nbd7 6. e3 e6 7. cxd5 Nxd5 8.
Nxd5 exd5 9. Qb3 Qb6 10. Qxb6 Nxb6 11. a3 Be7 12. Be2 Na4 13. Ra2 Bb1 14. Ra1
Bf5 15. Ra2 Bb1 16. Ra1 Bf5 17. Ra2 O-O 18. O-O h6 19. Rd1 Bh7 20. Bd3 Bxd3
1/2-1/2

[Event "22. Copenhagen Open  (Politiken Cup)"]
[Site "Copenhagen"]
[Date "2000.07.23"]
[Round "7"]
[White "Brinck Claussen, Bjorn"]
[Black "Schyberg, Brian"]
[Result "1/2-1/2"]
[WhiteElo "2359"]
[BlackElo "1924"]
[PlyCount "23"]
[EventDate "2000.07.17"]
[EventType "swiss"]
[EventRounds "11"]
[EventCountry "DEN"]
[SourceDate "2004.01.01"]

1. e4 Nc6 2. d4 d5 3. Nc3 dxe4 4. d5 Ne5 5. Bf4 Ng6 6. Bg3 f5 7. h4 e5 8. dxe6
Bxe6 9. h5 N6e7 10. Qxd8+ Rxd8 11. Bxc7 Rc8 12. Bb5+ 1/2-1/2

[Event "22. Copenhagen Open  (Politiken Cup)"]
[Site "Copenhagen"]
[Date "2000.07.23"]
[Round "7"]
[White "Bromann, Thorbjorn"]
[Black "El Kher, Henrik"]
[Result "1/2-1/2"]
[WhiteElo "2261"]
[BlackElo "2374"]
[PlyCount "36"]
[EventDate "2000.07.17"]
[EventType "swiss"]
[EventRounds "11"]
[EventCountry "DEN"]
[SourceDate "2004.01.01"]

1. e4 c5 2. Nf3 Nc6 3. d4 cxd4 4. Nxd4 Nf6 5. Nc3 e5 6. Ndb5 d6 7. Bg5 a6 8.
Na3 b5 9. Nd5 Be7 10. Nxe7 Nxe7 11. Bxf6 gxf6 12. Qd2 d5 13. exd5 Qxd5 14. Qxd5
Nxd5 15. g3 Be6 16. c4 bxc4 17. Bxc4 Ke7 18. Ke2 Rab8 1/2-1/2

[Event "22. Copenhagen Open  (Politiken Cup)"]
[Site "Copenhagen"]
[Date "2000.07.23"]
[Round "7"]
[White "Brondum, Eric"]
[Black "Nielsen, Anders Bodholt"]
[Result "1/2-1/2"]
[WhiteElo "2230"]
[BlackElo "2055"]
[PlyCount "63"]
[EventDate "2000.07.17"]
[EventType "swiss"]
[EventRounds "11"]
[EventCountry "DEN"]
[SourceDate "2004.01.01"]

1. d4 f5 2. Nc3 d5 3. Bg5 Nf6 4. Bxf6 exf6 5. e3 Be6 6. h4 c6 7. Qf3 h5 8. Bd3
g6 9. Nh3 Bd6 10. Nf4 Bf7 11. O-O-O Nd7 12. Qe2 Qc7 13. Kb1 O-O-O 14. g3 Kb8
15. Ka1 Rhe8 16. Rc1 Nb6 17. Nb1 c5 18. c3 c4 19. Bc2 Bxf4 20. gxf4 Qxf4 21.
Nd2 Qd6 22. Qf3 Re7 23. Rhg1 Nc8 24. Nf1 Qc7 25. Ng3 Nd6 26. Rcd1 Qa5 27. Ne2
Rc7 28. Nf4 Rg8 29. Nxh5 gxh5 30. Rxg8+ Bxg8 31. Qg3 Ne4 32. Bxe4 1/2-1/2

[Event "22. Copenhagen Open  (Politiken Cup)"]
[Site "Copenhagen"]
[Date "2000.07.23"]
[Round "7"]
[White "Christensen, Stefan"]
[Black "Auchenberg, Per"]
[Result "1-0"]
[WhiteElo "2176"]
[BlackElo "2006"]
[PlyCount "53"]
[EventDate "2000.07.17"]
[EventType "swiss"]
[EventRounds "11"]
[EventCountry "DEN"]
[SourceDate "2004.01.01"]

1. e4 c5 2. Nf3 e6 3. d4 cxd4 4. Nxd4 a6 5. Nc3 Qc7 6. Be2 b5 7. f4 b4 8. Na4
Bb7 9. Bf3 Nf6 10. Qd3 Nc6 11. Be3 Qa5 12. b3 Nxd4 13. Qxd4 Rc8 14. Rc1 d5 15.
Qa7 Qc7 16. Nb6 dxe4 17. Be2 Rd8 $11 18. c4 Qc6 19. O-O Be7 20. f5 O-O 21. fxe6
Bc5 $11 22. Bxc5 Qxc5+ 23. Kh1 fxe6 24. Qxb7 Rb8 25. Nd7 Qe7 26. Nxf6+ Qxf6 27.
Rxf6 {time} 1-0

[Event "22. Copenhagen Open  (Politiken Cup)"]
[Site "Copenhagen"]
[Date "2000.07.23"]
[Round "7"]
[White "Christensen, Verner"]
[Black "Hau, Helge"]
[Result "1-0"]
[WhiteElo "1761"]
[BlackElo "1427"]
[PlyCount "103"]
[EventDate "2000.07.17"]
[EventType "swiss"]
[EventRounds "11"]
[EventCountry "DEN"]
[SourceDate "2004.01.01"]

1. e4 Nc6 2. Nc3 e5 3. Bc4 Nf6 4. d3 Na5 5. Bb3 Nxb3 6. axb3 c6 7. Nf3 d6 8.
Ne2 h6 9. Ng3 Be7 10. O-O Bg4 11. Be3 a6 12. h3 Be6 13. Qe2 g6 14. d4 Qc7 15.
Nh4 Nd7 16. Nf3 f6 17. Nd2 d5 18. Rfe1 O-O-O 19. c4 dxe4 20. d5 Bf5 21. Ngxe4
Nb8 22. Nc3 Bb4 23. Na4 c5 24. Nc3 h5 25. Red1 Qf7 26. Nde4 Bxc3 27. Nxc3 b6
28. Na4 Qb7 29. b4 Nd7 30. bxc5 bxc5 31. Nxc5 Nxc5 32. Bxc5 Kd7 33. Ra4 Ra8 34.
b4 Rhc8 35. Rda1 Ke8 36. Qd2 g5 37. Qa2 g4 38. Rxa6 Rxa6 39. Qxa6 Qxa6 40. Rxa6
Kf7 41. hxg4 hxg4 42. Ra3 Kg6 43. Rc3 e4 44. Be3 Ra8 45. c5 Ra1+ 46. Rc1 Rxc1+
47. Bxc1 Kf7 48. b5 Ke7 49. b6 Bc8 50. Bf4 Kd7 51. c6+ Kd8 52. b7 1-0

[Event "22. Copenhagen Open  (Politiken Cup)"]
[Site "Copenhagen"]
[Date "2000.07.23"]
[Round "7"]
[White "De Firmian, Nick E"]
[Black "Brynell, Stellan"]
[Result "1/2-1/2"]
[WhiteElo "2567"]
[BlackElo "2484"]
[PlyCount "87"]
[EventDate "2000.07.17"]
[EventType "swiss"]
[EventRounds "11"]
[EventCountry "DEN"]
[SourceDate "2004.01.01"]

1. e4 e6 2. d4 d5 3. Nc3 Nf6 4. Bg5 Bb4 5. e5 h6 6. Bd2 Bxc3 7. bxc3 Ne4 8. Qg4
g6 9. Nf3 c5 10. Bd3 Nxd2 11. Kxd2 Nc6 12. Rhb1 Qc7 13. h4 Bd7 14. Qf4 O-O-O
15. Qf6 cxd4 16. cxd4 Kb8 17. Ke3 Rc8 18. a4 g5 19. hxg5 hxg5 20. Qxg5 Rhg8 21.
Qf4 Rxg2 22. Qxf7 Rgg8 23. Rg1 Rgf8 24. Qg7 Nb4 25. Ne1 a5 26. Ra3 Qd8 27. Qg5
Qxg5+ 28. Rxg5 Nxd3 29. Nxd3 Rxc2 30. Rg6 b6 31. Nf4 Kc7 32. f3 Re8 33. Rg7 Kc6
34. Ng6 Rd8 35. Ne7+ Kc7 36. Ng8 Kc6 37. Nf6 Bc8 38. Re7 Rh8 39. Ne8 Bd7 40.
Nd6 Kc7 41. Rg7 Rh1 42. Rb3 Re1+ 43. Kd3 Ree2 44. Nb5+ 1/2-1/2

[Event "22. Copenhagen Open  (Politiken Cup)"]
[Site "Copenhagen"]
[Date "2000.07.23"]
[Round "7"]
[White "Drejer, Hans Ulrik"]
[Black "Karlstrom, Henrik"]
[Result "1/2-1/2"]
[WhiteElo "1680"]
[BlackElo "1296"]
[PlyCount "40"]
[EventDate "2000.07.17"]
[EventType "swiss"]
[EventRounds "11"]
[EventCountry "DEN"]
[SourceDate "2004.01.01"]

1. d4 Nf6 2. Nf3 g6 3. Bg5 Bg7 4. Nbd2 d5 5. e3 Bf5 6. c4 c6 7. cxd5 cxd5 8.
Ne5 O-O 9. Qb3 b6 10. Bb5 Qd6 11. Bf4 Qe6 12. f3 a6 13. Be2 Nbd7 14. g4 Nxe5
15. gxf5 Qxf5 16. Bxe5 b5 17. O-O Rac8 18. Kh1 Nh5 19. Bxg7 Ng3+ 20. hxg3 Qh3+
1/2-1/2

[Event "22. Copenhagen Open  (Politiken Cup)"]
[Site "Copenhagen"]
[Date "2000.07.23"]
[Round "7"]
[White "Eriksson, Johan"]
[Black "Hansen, Lars Bo"]
[Result "0-1"]
[WhiteElo "2369"]
[BlackElo "2562"]
[PlyCount "80"]
[EventDate "2000.07.17"]
[EventType "swiss"]
[EventRounds "11"]
[EventCountry "DEN"]
[SourceDate "2004.01.01"]

1. d4 e6 2. c4 Bb4+ 3. Nc3 c5 4. d5 d6 5. e4 Bxc3+ 6. bxc3 e5 7. Bd3 Nd7 8. Ne2
h6 9. Be3 Ne7 10. a4 a5 11. f3 Ra6 12. h4 Rb6 13. Qc2 Nf6 14. g3 Kd7 15. Kd2
Kc7 16. Rab1 Rxb1 17. Rxb1 Kb8 18. Qb2 Qc7 19. g4 Ng6 20. Bf2 h5 21. g5 Nd7 22.
Nc1 Nf4 23. Bg3 f6 24. gxf6 gxf6 25. Bxf4 exf4 26. Ne2 Ne5 27. Rf1 f5 28. Nxf4
Qg7 29. Kd1 fxe4 30. fxe4 Rf8 31. Be2 Bg4 32. Qa2 {[#]} Nd3 33. Qd2 Nxf4 34.
Bxg4 Qxg4+ 35. Kc2 Qxh4 36. e5 dxe5 37. d6 Rd8 38. Qe3 Qf6 39. Rd1 Rxd6 40. Rg1
Qf5+ 0-1

[Event "22. Copenhagen Open  (Politiken Cup)"]
[Site "Copenhagen"]
[Date "2000.07.23"]
[Round "7"]
[White "Erlandsen, Carsten"]
[Black "Grand, Hans Henrik"]
[Result "1-0"]
[WhiteElo "2165"]
[BlackElo "2036"]
[PlyCount "97"]
[EventDate "2000.07.17"]
[EventType "swiss"]
[EventRounds "11"]
[EventCountry "DEN"]
[SourceDate "2004.01.01"]

1. d4 d5 2. c4 Bf5 3. Nc3 e6 4. Qb3 Nc6 5. cxd5 exd5 6. e4 dxe4 7. d5 Nb4 8. a3
Nd3+ 9. Bxd3 exd3 10. Qxb7 Qe7+ 11. Be3 d2+ 12. Kxd2 Qd8 13. Re1 Be7 14. Kc1
Kf8 15. Nf3 Nf6 16. Nd4 Rb8 17. Qxa7 Bd7 18. Nc6 Bxc6 19. dxc6 Ra8 20. Qd4 Qxd4
21. Bxd4 Ra6 22. Re2 Rxc6 23. Rhe1 Bd6 24. Kb1 h6 25. Ne4 Nxe4 26. Rxe4 Kg8 27.
Rg4 Bf8 28. Re8 f6 29. Bc3 Kf7 30. Ra8 Rg8 31. a4 Be7 32. Rxg8 Kxg8 33. a5 Kf7
34. Kc2 Bd6 35. Ra4 Ra6 36. b4 c6 37. Bd4 Ke6 38. Kb3 Kd5 39. Bb6 Bxh2 40. g3
f5 41. b5 cxb5 42. Rh4 Bg1 43. Kb4 Kc6 44. Be3 Ra8 45. Rh1 Re8 46. Rxg1 Re4+
47. Kb3 Kb7 48. Rd1 Ka6 49. Rd7 1-0

[Event "22. Copenhagen Open  (Politiken Cup)"]
[Site "Copenhagen"]
[Date "2000.07.23"]
[Round "7"]
[White "Fant, Goran"]
[Black "Thomsen, Heinrich Kirch"]
[Result "1-0"]
[WhiteElo "2062"]
[BlackElo "1432"]
[PlyCount "47"]
[EventDate "2000.07.17"]
[EventType "swiss"]
[EventRounds "11"]
[EventCountry "DEN"]
[SourceDate "2004.01.01"]

1. d4 Nf6 2. c4 g6 3. Nc3 Bg7 4. e4 d6 5. Nf3 O-O 6. Be2 e5 7. d5 Nh5 8. Bg5 f6
9. Be3 f5 10. Bg5 Qe8 11. Nd2 Nf6 12. f3 f4 13. g4 Na6 14. Bh4 c5 15. dxc6 Qxc6
16. a3 Nc7 17. b4 Ne6 18. Nd5 Nxd5 19. cxd5 Qe8 20. dxe6 Bxe6 21. Bc4 d5 22.
exd5 Bf7 23. Ne4 Rd8 24. Bxd8 1-0